Vráti sa e-commerce na Slovensku k rastu?
Slovenský e-commerce po troch extrémne a bezprecedentne rastových rokoch (2019-2021) už druhý rok po sebe klesal. V minulom roku 2023 to bolo o -4 %. Dlhoočakávané zlepšenie priniesol až kľúčový posledný kvartál s rastom +5 %. Otázka, či to bude znamenať návrat na rastovú trajektóriu. Ako zmení trh...
Gespeichert in:
| Format: | Buchkapitel |
|---|---|
| Sprache: | Slowakisch |
| Schlagworte: | |
| Tags: |
Keine Tags, Fügen Sie das erste Tag hinzu!
|
MARC
| LEADER | 00000naa a2200000 4500 | ||
|---|---|---|---|
| 001 | 0300479 | ||
| 005 | 20240524120926.8 | ||
| 041 | 0 | |a slo | |
| 044 | |a SK | ||
| 245 | 1 | 0 | |a Vráti sa e-commerce na Slovensku k rastu? |
| 520 | |a Slovenský e-commerce po troch extrémne a bezprecedentne rastových rokoch (2019-2021) už druhý rok po sebe klesal. V minulom roku 2023 to bolo o -4 %. Dlhoočakávané zlepšenie priniesol až kľúčový posledný kvartál s rastom +5 %. Otázka, či to bude znamenať návrat na rastovú trajektóriu. Ako zmení trh vstup spoločnosti Allegro.sk. | ||
| 610 | 2 | 0 | |a obchod elektronický |
| 610 | 2 | 0 | |a obrat obchodný |
| 610 | 2 | 0 | |a štatistika |
| 610 | 2 | 0 | |a výskum kvalitatívny |
| 610 | 2 | 0 | |a nákup elektronický |